Statistics for Name the Christian Denomination Quiz

Click here to take the quiz!

General Stats

  • This quiz has been taken 318 times
  • The average score is 12 of 20

Answer Stats

ClueDenomination% Correct
The Pope is their highest office holderRoman Catholic
100%
Founded by King Henry VIII in the 1530sAnglicanism
91%
Joseph Smith founded the church, and Brigham Young led them to the westLatter-Day Saint
90%
Church that separated from the above in an event called the "Great Schism"Eastern Orthodox
82%
Famous for shunning many modern inventionsAmish
80%
Most of the Christians in Egypt belong to this denominationCoptic
72%
Also known as the "Reformed tradition", founded by a French theologistCalvinism
71%
Jamaican denomination known for marijuana use and accepts
Haile Selassie as its Messiah
Rastafarism
70%
"Witnesses" who are based in Warwick, New YorkJehovah's Witnesses
67%
Dominant branch among the Nordic countriesLutheranism
66%
Religious movement of which William Penn was a memberQuakers
61%
Part of the above that traces its origins to Great Britain, particularly ScotlandPresbyterianism
60%
Founded by John WesleyMethodism
57%
Was invented by American author L. Ron HubbardScientology
54%
Believe in the imminent second coming of Christ and worship on SaturdaySeventh-day Adventist
53%
Anabaptist church closely related to the aboveMennonites
49%
Christian ethno-religious group in Syria, sounds almost like the countryAssyrian
31%
Largest Protestant denomination in the United StatesSouthern Baptist
31%
Christian denomination of Tim TebowEvangelicalism
20%
Founded by South Korean religious leader, Sun Myung MoonUnification
15%

Score Distribution

Percentile by Number Answered

Percent of People with Each Score

Your Score History

You have not taken this quiz